TENWEK HOSP HOME | SOC  | ASK A LIBRARIANSTAFF LOGIN  |  DIGITAL REPOSITORYe-BOOK PORTAL  |  OFF-CAMPUS PORTAL  |  DONATE

Nurse-midwifery / (Record no. 3285)

MARC details
000 -LEADER
fixed length control field 00834pam a2200277 a 4500
001 - CONTROL NUMBER
control field 3825695
003 - CONTROL NUMBER IDENTIFIER
control field Ke-BoTe
005 - DATE AND TIME OF LATEST TRANSACTION
control field 20220526092741.0
008 - FIXED-LENGTH DATA ELEMENTS--GENERAL INFORMATION
fixed length control field 870105s1987 maua b 001 0 eng
010 ## - LIBRARY OF CONGRESS CONTROL NUMBER
LC control number 86034340
020 ## - INTERNATIONAL STANDARD BOOK NUMBER
International Standard Book Number 0865420270 :
Terms of availability $39.95
040 ## - CATALOGING SOURCE
Original cataloging agency DLC
Transcribing agency DLC
Modifying agency DLC
050 00 - LIBRARY OF CONGRESS CALL NUMBER
Classification number RG951
Item number .V35 1987
082 00 - DEWEY DECIMAL CLASSIFICATION NUMBER
Classification number 618.2
Edition number 19
100 1# - MAIN ENTRY--PERSONAL NAME
Personal name Varney, Helen.
9 (RLIN) 6953
245 10 - TITLE STATEMENT
Title Nurse-midwifery /
Statement of responsibility, etc. Helen Varney.
250 ## - EDITION STATEMENT
Edition statement 2nd ed.
260 ## - PUBLICATION, DISTRIBUTION, ETC.
Place of publication, distribution, etc. Boston :
Name of publisher, distributor, etc. Blackwell Scientific ;
Place of publication, distribution, etc. St. Louis, MO :
Name of publisher, distributor, etc. Distributor, Blackwell Mosby;
Date of publication, distribution, etc. c1987.
300 ## - PHYSICAL DESCRIPTION
Extent xx, 846 p . :
Other physical details ill . ;
Dimensions 24 cm.
504 ## - BIBLIOGRAPHY, ETC. NOTE
Bibliography, etc. note Includes bibliographies and index.
650 #0 - SUBJECT ADDED ENTRY--TOPICAL TERM
Topical term or geographic name entry element Maternity nursing.
9 (RLIN) 5704
650 #0 - SUBJECT ADDED ENTRY--TOPICAL TERM
Topical term or geographic name entry element Obstetrics.
9 (RLIN) 6750
650 #0 - SUBJECT ADDED ENTRY--TOPICAL TERM
Topical term or geographic name entry element Midwives.
9 (RLIN) 6123
906 ## - LOCAL DATA ELEMENT F, LDF (RLIN)
a 7
b cbc
c orignew
d 1
e ocip
f 19
g y-gencatlg
942 ## - ADDED ENTRY ELEMENTS (KOHA)
Source of classification or shelving scheme Library of Congress Classification
Koha item type Books
Suppress in OPAC No
Holdings
Withdrawn status Lost status Source of classification or shelving scheme Damaged status Not for loan Collection code Home library Current library Shelving location Date acquired Total Checkouts Full call number Barcode Date last seen Price effective from Koha item type
    Library of Congress Classification     Non-fiction SCHOOL OF HEALTH SCIENCES SCHOOL OF HEALTH SCIENCES General Stacks 26.05.2022   RG951.V35 1987 00001580 26.05.2022 26.05.2022 Books